Maires des communes de Martinique - Statistiques

Statistiques générales
  • Ce quiz a été pris 5 fois
    4 depuis la dernière actualisation
  • Le résultat moyen est 16 sur 34
Statistiques - réponses
Communes Maires % Correct
Sainte-Marie Bruno Nestor Azerot
100%
Le Lamentin David Zobda
100%
Fort de France Didier Laguerre
100%
Rivière-Sallée André Lesueur
67%
Ducos Aurélie Nella
67%
Les Anses-d'Arlets Eugène Larcher
67%
Le Robert Félix Mérine
67%
Saint-Esprit Fred-Michel Tirault
67%
Le Carbet Gérard Monstin
67%
Le Diamant Hugues Toussay
67%
Les Trois-Îlets Nathalie Grat
67%
Sainte-Luce Nicaise Monrose
67%
Saint-Joseph Yan Monplaisir
67%
Le Morne-Rouge Andréa Mauzole
33%
Le Morne-Vert Angèle Serbin
33%
Le Marigot Cynthia Yerro
33%
Schœlcher Daniel Chomet
33%
Le Précheur Guyléne Joseph-Angélique
33%
Fonds-Saint-Denis Henri Romana
33%
Rivière-Pilote Jean Francois Beaunol
33%
Sainte-Anne Jean-Michel Gémieux
33%
Grand'Rivière Jeans-Louis Marie-Louise
33%
Le Vauclin Jimmy Farreaux
33%
Le Marin José Mirande
33%
Le Lorrain Justin Pamphile
33%
Le François Lionel Grandin
33%
Saint-Pierre Ludmila Larade-Eustache
33%
Basse-Pointe Marie- Thérèse Casimirius
33%
La Trinité Patricia Telle
33%
Bellefontaine Servius Charles Donatien
33%
L'Ajoupa Bouillon Thierry Joachim
33%
Gros-Morne Gilbert Couturier
0%
Macouba Jean-Charles Varacavoudin
0%
Case-Pilote Jean-Marc Bocquet
0%
Aucun quiz correspondant
Distribution des résultats
% des personnes avec chaque résultat
Percentile par nombre de réponses
Votre historique - résultats
Vous n’avez pas pris ce quiz depuis la dernière actualisation